| 000 | 01240nam0a22003131 4500 | ||
|---|---|---|---|
| 001 | v19\rc\1316381 | ||
| 005 | 20260406115930.0 | ||
| 035 | _a(NLR Aleph) 004454667 | ||
| 090 |
_a4489617 _c4489617 |
||
| 100 | _a20060512e19361936|||y0rusy50 ca | ||
| 101 | 0 | _arus | |
| 102 | _aRU | ||
| 105 | _ay z ||||| | ||
| 200 | 1 | _aМнимые экспромты Пушкина | |
| 210 |
_a[М. _aЛ. _d1936] |
||
| 215 | _d25 | ||
| 300 | _aПеред загл.: Л.Б. Модзалевский | ||
| 311 | _aОтт. из: Временник Пушкинской комиссии. 1936. Т.1. С. 219-220 | ||
| 488 | 0 |
_12001#$aВременник Пушкинской комиссии$v1936. Т.1 _1215##$aС. 219-220 _tВременник Пушкинской комиссии |
|
| 620 | _dМосква | ||
| 620 | _dСанкт-Петербург | ||
| 700 | 1 |
_8rus _7ca _aМодзалевский _bЛ. Б. _f1902-1948 _gЛев Борисович _3RU\NLR\AUTH\7748475 _931410 |
|
| 702 | 1 |
_8rus _7ca _aПушкин _bА. С. _cпоэт _f1799-1837 _gАлександр Сергеевич _3RU\NLR\AUTH\77386 _9110441 |
|
| 801 | 0 |
_aRU _bNLR _gpsbo |
|
| 801 | 1 |
_aRU _bProSoft-M _2rusmarc |
|
| 852 |
_aNLR _j122/535 |
||
| 942 | _cBOOK | ||
| 980 | _aNB | ||